<?xml version="1.0" encoding="UTF-8"?>
<record
    xmlns:xsi="http://www.w3.org/2001/XMLSchema-instance"
    xsi:schemaLocation="http://www.loc.gov/MARC21/slim http://www.loc.gov/standards/marcxml/schema/MARC21slim.xsd"
    xmlns="http://www.loc.gov/MARC21/slim">

  <leader>01206nam a22001937a 4500</leader>
  <controlfield tag="003">OSt</controlfield>
  <controlfield tag="005">20260127162232.0</controlfield>
  <controlfield tag="008">260127b        |||||||| |||| 00| 0 eng d</controlfield>
  <datafield tag="020" ind1=" " ind2=" ">
    <subfield code="a">9789366166759</subfield>
  </datafield>
  <datafield tag="041" ind1=" " ind2=" ">
    <subfield code="a">Eng</subfield>
  </datafield>
  <datafield tag="082" ind1=" " ind2=" ">
    <subfield code="2">3rd</subfield>
    <subfield code="a">610.6/CLE</subfield>
  </datafield>
  <datafield tag="100" ind1=" " ind2=" ">
    <subfield code="a"> CLEMENT  NISHA</subfield>
  </datafield>
  <datafield tag="245" ind1=" " ind2=" ">
    <subfield code="a">Essentials of Nursing Management and Leadership Semester-VI</subfield>
  </datafield>
  <datafield tag="260" ind1=" " ind2=" ">
    <subfield code="a">New Delhi</subfield>
    <subfield code="b">Jaypee Brothers Medical Publishers</subfield>
    <subfield code="c">2025</subfield>
  </datafield>
  <datafield tag="300" ind1=" " ind2=" ">
    <subfield code="a">638 P</subfield>
  </datafield>
  <datafield tag="500" ind1=" " ind2=" ">
    <subfield code="a">Offers clear and succinct insights into the latest concepts and trends in nursing leadership and management.
Supplies reliable administrative knowledge, best practices, and specific tools necessary for confidently navigating new developments in the nursing management field.
Serves as a vital and beneficial resource for nurse leaders, healthcare planners, and policymakers.
Valuable for nursing students, hospital examiners, and public health administrators.
This book will greatly benefit nursing students and professionals in effectively managing patient care areas.
Equips students to cultivate leadership skills and fulfill their roles as effective leaders within an organization.
</subfield>
  </datafield>
  <datafield tag="610" ind1=" " ind2=" ">
    <subfield code="a">Administration</subfield>
    <subfield code="9">216493</subfield>
  </datafield>
  <datafield tag="942" ind1=" " ind2=" ">
    <subfield code="2">ddc</subfield>
    <subfield code="c">DB</subfield>
  </datafield>
  <datafield tag="999" ind1=" " ind2=" ">
    <subfield code="c">370157</subfield>
    <subfield code="d">370157</subfield>
  </datafield>
  <datafield tag="952" ind1=" " ind2=" ">
    <subfield code="0">0</subfield>
    <subfield code="1">0</subfield>
    <subfield code="2">ddc</subfield>
    <subfield code="4">0</subfield>
    <subfield code="7">0</subfield>
    <subfield code="a">SNCN</subfield>
    <subfield code="b">SNCN</subfield>
    <subfield code="d">2026-01-23</subfield>
    <subfield code="e">Donated BY Switi Kolhe</subfield>
    <subfield code="g">895.00</subfield>
    <subfield code="i">IK#2025-26#00913</subfield>
    <subfield code="l">1</subfield>
    <subfield code="o">610.6 CLE</subfield>
    <subfield code="p">SNCN-DB-357</subfield>
    <subfield code="q">2026-02-16</subfield>
    <subfield code="r">2026-02-16 16:24:00</subfield>
    <subfield code="s">2026-02-16</subfield>
    <subfield code="v">895.00</subfield>
    <subfield code="w">2026-01-27</subfield>
    <subfield code="y">DB</subfield>
  </datafield>
</record>
